[Event "BRA-ch Amateur U2000"]
[Site "Sao Paulo"]
[Date "2018.06.03"]
[Round "7"]
[White "Lorenzon de Carvalho, Tales Pietro"]
[Black "Vieira, Jose Renato Braga S"]
[Result "1/2-1/2"]
[WhiteElo "1913"]
[BlackElo "1878"]
[PlyCount "88"]
[EventDate "2018.05.31"]
[EventType "swiss"]
[EventRounds "7"]
[EventCountry "BRA"]
[SourceTitle "EXT 2021"]
[Source "ChessBase"]
[SourceDate "2020.10.23"]
[SourceVersion "1"]
[SourceVersionDate "2020.10.23"]
[SourceQuality "1"]

1. Nf3 d5 2. d4 Nf6 3. b3 Bf5 4. e3 e6 5. Bd3 Bb4+ 6. c3 Bd6 7. Bb2 Nc6 8. Qe2 Qe7 9. Nbd2 Bxd3 10. Qxd3 e5 11. dxe5 Nxe5 12. Nxe5 Bxe5 13. Nf3 Bd6 14. h3 0-0 15. 0-0 Ba3 16. Qc2 a5 17. Nd4 Bxb2 18. Qxb2 c6 19. a4 Qc5 20. Rfc1 g6 21. b4 axb4 22. cxb4 Qd6 23. a5 Rfc8 24. Rc2 Nd7 25. Rd1 b6 26. Rdc1 bxa5 27. Nxc6 Nb6 28. Nxa5 Rxc2 29. Rxc2 Rc8 30. Rxc8+ Nxc8 31. Qd4 Nb6 32. Nb7 Qc6 33. Nc5 h5 34. h4 Qb5 35. Nd3 Nc4 36. Nf4 Qxb4 37. Nxd5 Qe1+ 38. Kh2 Nd2 39. Nf6+ Kf8 40. Qd8+ Kg7 41. Ne8+ Kf8 42. Nc7+ Kg7 43. Qd4+ Kg8 44. Qd8+ Kg7 1/2-1/2

[Event "Sao Paulo op-B U2050 7th"]
[Site "Sao Paulo"]
[Date "2018.03.31"]
[Round "3"]
[White "Chang, Suzana"]
[Black "Lorenzon de Carvalho, Tales Pietro"]
[Result "1/2-1/2"]
[WhiteElo "2012"]
[BlackElo "1879"]
[PlyCount "107"]
[EventDate "2018.03.30"]
[EventType "swiss"]
[EventRounds "6"]
[EventCountry "BRA"]
[SourceTitle "EXT 2021"]
[Source "ChessBase"]
[SourceDate "2020.10.23"]
[SourceVersion "1"]
[SourceVersionDate "2020.10.23"]
[SourceQuality "1"]

1. d4 Nf6 2. c4 d6 3. Nc3 Nbd7 4. g3 e5 5. Bg2 c6 6. e3 Be7 7. Nge2 Qc7 8. 0-0 0-0 9. b3 Re8 10. Bb2 Nf8 11. h3 h6 12. Rc1 Bf5 13. e4 Bg6 14. d5 N8d7 15. f4 exf4 16. gxf4 Bf8 17. Ng3 a5 18. Kh2 Nc5 19. Re1 Nfd7 20. Qd4 f6 21. Nd1 Bf7 22. Nf2 cxd5 23. cxd5 Qb6 24. Ng4 Qb4 25. Qd1 h5 26. Nf2 g6 27. Rc4 Qb6 28. Qd4 Qd8 29. Nf1 Bh6 30. Bc1 Kh7 31. Rc2 Rc8 32. Ree2 g5 33. Ng3 Bg6 34. Bf3 gxf4 35. Nf5 Ne5 36. Bh1 Bxf5 37. exf5 f3 38. Re1 Nxb3 39. Rxc8 Nxd4 40. Rxd8 Rxd8 41. Ne4 Bg7 42. Bd2 Rc8 43. Rc1 Rxc1 44. Bxc1 Nxf5 45. Kg1 Kg6 46. Bd2 Nc4 47. Bf4 Ne5 48. Bd2 b6 49. Kf2 Bf8 50. Bxf3 Nd4 51. Bd1 h4 52. Be3 Nb5 53. Bxb6 Nc4 54. Bd8 1/2-1/2

[Event "Sao Paulo op-B U2050 7th"]
[Site "Sao Paulo"]
[Date "2018.03.31"]
[Round "4"]
[White "Lorenzon de Carvalho, Tales Pietro"]
[Black "Nascimento, Pedro Henrique Alve"]
[Result "1/2-1/2"]
[WhiteElo "1879"]
[BlackElo "1972"]
[PlyCount "60"]
[EventDate "2018.03.30"]
[EventType "swiss"]
[EventRounds "6"]
[EventCountry "BRA"]
[SourceTitle "EXT 2021"]
[Source "ChessBase"]
[SourceDate "2020.10.23"]
[SourceVersion "1"]
[SourceVersionDate "2020.10.23"]
[SourceQuality "1"]

1. Nf3 d5 2. d4 Nf6 3. b3 Bf5 4. e3 e6 5. Bd3 Bxd3 6. Qxd3 c6 7. 0-0 Be7 8. Nbd2 Nbd7 9. Bb2 0-0 10. a4 c5 11. c4 Rc8 12. Rfd1 Qc7 13. Rac1 Qb8 14. cxd5 Nxd5 15. e4 Nb4 16. Qe3 cxd4 17. Qxd4 Nf6 18. Nc4 Rfd8 19. Qe3 b6 20. h3 h6 21. Qe2 Qb7 22. e5 Nfd5 23. Qe4 Qb8 24. g3 Na6 25. Nd4 Nc5 26. Qg4 a6 27. Qe2 Bg5 28. f4 Be7 29. Ne3 Nxe3 30. Qxe3 Qb7 1/2-1/2

[Event "BRA-ch Amateur U2000"]
[Site "Sao Paulo"]
[Date "2018.??.??"]
[Round "1"]
[White "Dias Filho, Pedro Stein"]
[Black "Lorenzon de Carvalho, Tales Pietro"]
[Result "0-1"]
[WhiteElo "1515"]
[BlackElo "1913"]
[PlyCount "74"]
[EventDate "2018.05.31"]
[EventType "swiss"]
[EventRounds "7"]
[EventCountry "BRA"]
[SourceTitle "EXT 2021"]
[Source "ChessBase"]
[SourceDate "2020.10.23"]
[SourceVersion "1"]
[SourceVersionDate "2020.10.23"]
[SourceQuality "1"]

1. e4 c5 2. Nf3 Nc6 3. d4 cxd4 4. Nxd4 e5 5. Nb5 a6 6. Nd6+ Bxd6 7. Qxd6 Qe7 8. Qd1 Nf6 9. Nc3 h6 10. Be2 0-0 11. 0-0 d6 12. Be3 b5 13. a3 Bb7 14. f4 exf4 15. Rxf4 Ne5 16. Bd4 Rfd8 17. Qf1 Rac8 18. Bd3 Nfd7 19. Nd5 Qe8 20. Qf2 Nc5 21. Qg3 Ng6 22. Raf1 Rd7 23. Nf6+ gxf6 24. Rxf6 Nxe4 25. Qh3 Rc5 26. Qxh6 Re5 27. R6f5 f6 28. Qe3 Re6 29. Rxf6 Nxf6 30. Qxe6+ Qxe6 31. Rxf6 Qe1+ 32. Rf1 Qe8 33. Rf6 Ne5 34. Bf5 Nf3+ 35. gxf3 Qe1+ 36. Kg2 Qe2+ 37. Bf2 Qxf3+ 0-1

[Event "Sao Paulo op-B U2050 6th"]
[Site "Sao Paulo"]
[Date "2017.04.16"]
[Round "6"]
[White "Lorenzon de Carvalho, Tales Pietro"]
[Black "Barbosa, Flavio Novais"]
[Result "1/2-1/2"]
[WhiteElo "1833"]
[BlackElo "1857"]
[PlyCount "27"]
[EventDate "2017.04.14"]
[EventType "swiss"]
[EventRounds "6"]
[EventCountry "BRA"]
[SourceTitle "EXT 2019"]
[Source "ChessBase"]
[SourceDate "2018.10.10"]
[SourceVersion "1"]
[SourceVersionDate "2018.10.10"]
[SourceQuality "1"]

1. Nf3 Nf6 2. b3 e6 3. Bb2 d5 4. e3 c5 5. d4 Nc6 6. Bd3 b6 7. 0-0 Be7 8. a3 0-0 9. c4 dxc4 10. Bxc4 cxd4 11. Nxd4 Nxd4 12. Qxd4 Qxd4 13. Bxd4 Bb7 14. Nc3 1/2-1/2

[Event "Cordeiropolis Freitas Levy Memorial"]
[Site "Cordeiropolis"]
[Date "2015.05.24"]
[Round "6"]
[White "Lorenzon de Carvalho, Tales Pietro"]
[Black "De Moura, Sergio Jovelino"]
[Result "0-1"]
[WhiteElo "1700"]
[BlackElo "2150"]
[PlyCount "74"]
[EventDate "2015.05.22"]
[EventType "swiss"]
[EventRounds "6"]
[EventCountry "BRA"]
[SourceTitle "CBM 166 Extra"]
[Source "ChessBase"]
[SourceDate "2015.06.18"]
[SourceVersion "1"]
[SourceVersionDate "2015.06.18"]
[SourceQuality "1"]

1. Nf3 Nf6 2. b3 e6 3. Bb2 b6 4. e3 Bb7 5. Be2 c5 6. d4 cxd4 7. exd4 Bb4+ 8. c3 Be7 9. Nbd2 Nd5 10. Ne5 Qc8 11. Ne4 Nf4 12. Bf3 f5 13. Ng3 Nc6 14. Nd3 Nxd3+ 15. Qxd3 0-0 16. 0-0 g6 17. Rfe1 Bf6 18. Qd2 Ne7 19. Bxb7 Qxb7 20. f4 b5 21. Ba3 Rfc8 22. Bxe7 Bxe7 23. a4 bxa4 24. bxa4 Qb3 25. Ne2 Rab8 26. Reb1 Qc4 27. Rxb8 Rxb8 28. Kf2 Bd8 29. Ke3 Qd5 30. g3 Qe4+ 31. Kf2 Ba5 32. d5 Bb6+ 33. Nd4 Qxd5 34. Ke2 Bxd4 35. cxd4 Qg2+ 36. Kd1 Qg1+ 37. Qe1 Qxd4+ 0-1

[Event "Cordeiropolis Freitas Levy Memorial"]
[Site "Cordeiropolis"]
[Date "2015.05.23"]
[Round "3"]
[White "Correia, Vitor Paie"]
[Black "Lorenzon de Carvalho, Tales Pietro"]
[Result "1/2-1/2"]
[WhiteElo "1514"]
[BlackElo "1700"]
[PlyCount "91"]
[EventDate "2015.05.22"]
[EventType "swiss"]
[EventRounds "6"]
[EventCountry "BRA"]
[SourceTitle "CBM 166 Extra"]
[Source "ChessBase"]
[SourceDate "2015.06.18"]
[SourceVersion "1"]
[SourceVersionDate "2015.06.18"]
[SourceQuality "1"]

1. e4 c5 2. f4 e6 3. Nf3 a6 4. d3 g6 5. Be3 b6 6. Be2 Bg7 7. c3 Ne7 8. Nbd2 d5 9. 0-0 Nbc6 10. Qc2 Bb7 11. e5 Nf5 12. Bf2 h5 13. d4 c4 14. b3 b5 15. bxc4 dxc4 16. Rab1 Nce7 17. Bxc4 Rc8 18. Bb3 Bd5 19. Rfc1 Qa5 20. Qb2 0-0 21. g3 Rfd8 22. Bxd5 Rxd5 23. Nb3 Qb6 24. Nc5 Qc6 25. Nd2 Rxc5 26. dxc5 Nd5 27. Nf1 h4 28. Qe2 Bf8 29. Ne3 hxg3 30. hxg3 Nxg3 31. Bxg3 Nxe3 32. Kh2 Kg7 33. Qxe3 Bxc5 34. Qe1 Rh8+ 35. Bh4 Qf3 36. Qg3 Qh5 37. Kh3 Be7 38. Qg4 Bxh4 39. Qxh5 Rxh5 40. Kg4 Be7 41. Rh1 Rf5 42. Rhf1 g5 43. Rbd1 gxf4 44. Rxf4 Rxe5 45. Rdf1 f5+ 46. Kh5 1/2-1/2

[Event "Sao Paulo op-B 2nd"]
[Site "Sao Paulo"]
[Date "2015.02.08"]
[Round "5"]
[White "Sato, Leticia Miho"]
[Black "Lorenzon de Carvalho, Tales Pietro"]
[Result "0-1"]
[WhiteElo "1328"]
[BlackElo "1710"]
[PlyCount "90"]
[EventDate "2015.02.05"]
[EventType "swiss"]
[EventRounds "6"]
[EventCountry "BRA"]
[SourceTitle "CBM 164 Extra"]
[Source "ChessBase"]
[SourceDate "2015.03.02"]
[SourceVersion "1"]
[SourceVersionDate "2015.03.02"]
[SourceQuality "1"]

1. d4 Nf6 2. Nf3 d6 3. Bf4 Nbd7 4. e3 c6 5. Bd3 g6 6. h3 Bg7 7. Nbd2 0-0 8. 0-0 Re8 9. e4 e5 10. dxe5 dxe5 11. Bg3 b5 12. a3 Qb6 13. c4 a6 14. b4 c5 15. Rb1 Rb8 16. Re1 Nh5 17. Bh2 Nf4 18. Qb3 Qd6 19. Bxf4 exf4 20. Bf1 Bf8 21. Qb2 cxb4 22. axb4 bxc4 23. Nxc4 Qxb4 24. Qxb4 Bxb4 25. Re2 a5 26. Reb2 Ra8 27. Bd3 Nc5 28. Bc2 Nxe4 29. Bxe4 Rxe4 30. Nce5 Bf5 31. Nc6 Rc4 32. Nfe5 Rxc6 33. Nxc6 Bxb1 34. Rxb1 Bc3 35. Rb3 Bf6 36. Ra3 a4 37. Ra2 a3 38. Nb4 Rb8 39. Nd3 Bb2 40. Nxf4 Rd8 41. f3 Rd1+ 42. Kh2 Ra1 43. Rxa1 Bxa1 44. Nd3 a2 45. Nc5 Be5+ 0-1

[Event "Sao Paulo Hebraica op 18th"]
[Site "Sao Paulo"]
[Date "2014.07.17"]
[Round "1"]
[White "Capelo, Martinho Figueira"]
[Black "Lorenzon de Carvalho, Tales Pietro"]
[Result "1-0"]
[WhiteElo "1966"]
[BlackElo "1605"]
[PlyCount "33"]
[EventDate "2014.07.17"]
[EventType "swiss"]
[EventRounds "6"]
[EventCountry "BRA"]
[SourceTitle "CBM 161 Extra"]
[Source "ChessBase"]
[SourceDate "2014.08.29"]
[SourceVersion "1"]
[SourceVersionDate "2014.08.29"]
[SourceQuality "1"]

1. e4 c5 2. c3 g6 3. d4 cxd4 4. cxd4 Bg7 5. Nc3 e5 6. dxe5 Bxe5 7. Nf3 Bxc3+ 8. bxc3 Qc7 9. Qd4 f6 10. Bc4 Qa5 11. 0-0 Nc6 12. Qd6 Qd8 13. Qd5 Qe7 14. Bf4 g5 15. Bd6 Qg7 16. e5 f5 17. Nxg5 1-0

[Event "Rio Claro op"]
[Site "Rio Claro"]
[Date "2014.05.17"]
[Round "4"]
[White "Lorenzon de Carvalho, Tales Pietro"]
[Black "De Almeida, Heitor"]
[Result "0-1"]
[WhiteElo "1586"]
[BlackElo "2032"]
[PlyCount "72"]
[EventDate "2014.05.16"]
[EventType "swiss"]
[EventRounds "6"]
[EventCountry "BRA"]
[SourceTitle "CBM 160 Extra"]
[Source "ChessBase"]
[SourceDate "2014.07.01"]
[SourceVersion "1"]
[SourceVersionDate "2014.07.01"]
[SourceQuality "1"]

1. e4 e6 2. d4 d5 3. exd5 exd5 4. Bd3 Bd6 5. Qf3 Ne7 6. Ne2 Nbc6 7. c3 Be6 8. Bf4 Ng6 9. Bxd6 Qxd6 10. Nd2 0-0-0 11. 0-0-0 Qd7 12. h3 Nh4 13. Qf4 Ng6 14. Qf3 Rde8 15. Nf4 Nxf4 16. Qxf4 Kb8 17. Nb3 b6 18. Bb5 Kb7 19. Qf3 Bf5 20. Bd3 Be4 21. Bxe4 dxe4 22. Qe3 Qd5 23. Rhe1 Re7 24. Kc2 h6 25. Nc1 f5 26. h4 Rg8 27. b3 a5 28. c4 Qd6 29. c5 Qd5 30. a3 g5 31. hxg5 hxg5 32. g3 f4 33. Qc3 Rd8 34. gxf4 gxf4 35. Ne2 f3 36. Nf4 Nxd4+ 0-1

[Event "Rio Claro op"]
[Site "Rio Claro"]
[Date "2014.05.16"]
[Round "2"]
[White "Lorenzon de Carvalho, Tales Pietro"]
[Black "De Carvalho, Igor Lorenzon"]
[Result "0-1"]
[WhiteElo "1586"]
[BlackElo "1920"]
[PlyCount "96"]
[EventDate "2014.05.16"]
[EventType "swiss"]
[EventRounds "6"]
[EventCountry "BRA"]
[SourceTitle "CBM 160 Extra"]
[Source "ChessBase"]
[SourceDate "2014.07.01"]
[SourceVersion "1"]
[SourceVersionDate "2014.07.01"]
[SourceQuality "1"]

1. e4 c6 2. d4 d5 3. exd5 cxd5 4. Bd3 Nc6 5. c3 Qc7 6. h3 g6 7. Nf3 Nf6 8. Be3 Bf5 9. 0-0 Bg7 10. Re1 Bxd3 11. Qxd3 0-0 12. Nbd2 Rab8 13. Ne5 Ne8 14. Bf4 Nxe5 15. Bxe5 Nd6 16. Qg3 Bxe5 17. dxe5 Nf5 18. Qd3 e6 19. Nf3 b5 20. Nd4 Qc4 21. Qd2 Ne7 22. Re3 Rfc8 23. b3 Qc7 24. Rae1 Nc6 25. Nxc6 Qxc6 26. Rf3 a5 27. Qh6 Qe8 28. h4 Qf8 29. Qf4 b4 30. cxb4 Rxb4 31. Qf6 h5 32. Rg3 Qd8 33. Qxd8+ Rxd8 34. Rd3 Rxh4 35. f3 Rb4 36. Rc1 a4 37. a3 Rxb3 38. Rxb3 axb3 39. Rb1 Rb8 40. Rb2 g5 41. Kf2 Kg7 42. Ke3 Kg6 43. g4 h4 44. a4 Ra8 45. Rxb3 Rxa4 46. Rb8 Ra3+ 47. Kf2 Ra2+ 48. Kg1 Re2 0-1

[Event "Sao Paulo op-B U2050"]
[Site "Sao Paulo"]
[Date "2014.04.06"]
[Round "6"]
[White "Vieira, Alexandre Letizio"]
[Black "Lorenzon de Carvalho, Tales Pietro"]
[Result "1/2-1/2"]
[WhiteElo "1797"]
[BlackElo "1573"]
[PlyCount "33"]
[EventDate "2014.04.03"]
[EventType "swiss"]
[EventRounds "6"]
[EventCountry "BRA"]
[SourceTitle "CBM 159 Extra"]
[Source "ChessBase"]
[SourceDate "2014.04.24"]
[SourceVersion "1"]
[SourceVersionDate "2014.04.24"]
[SourceQuality "1"]

1. e4 c5 2. Nf3 g6 3. d4 cxd4 4. Nxd4 Bg7 5. Be3 Nc6 6. Be2 Nf6 7. Nc3 a6 8. 0-0 d5 9. exd5 Nxd5 10. Nxd5 Qxd5 11. Bf3 Qd7 12. Nxc6 bxc6 13. Qxd7+ Bxd7 14. Rab1 0-0 15. b3 Bf5 16. Rbc1 Bb2 17. Rb1 1/2-1/2

[Event "Pocos de Caldas op"]
[Site "Pocos de Caldas"]
[Date "2014.02.16"]
[Round "6"]
[White "Kikuchi Cadilhac, Mariana Sawae"]
[Black "Lorenzon de Carvalho, Tales Pietro"]
[Result "0-1"]
[WhiteElo "1467"]
[BlackElo "1581"]
[PlyCount "78"]
[EventDate "2014.02.14"]
[EventType "swiss"]
[EventRounds "6"]
[EventCountry "BRA"]
[SourceTitle "CBM 158 Extra"]
[Source "ChessBase"]
[SourceDate "2014.02.28"]
[SourceVersion "1"]
[SourceVersionDate "2014.02.28"]
[SourceQuality "1"]

1. e4 c5 2. Nc3 Nc6 3. g3 g6 4. Bg2 Bg7 5. d3 e6 6. f4 Nge7 7. Nf3 d6 8. 0-0 0-0 9. h3 Qb6 10. Kh2 f5 11. Rb1 Bxc3 12. exf5 exf5 13. Be3 Bg7 14. b4 Qc7 15. bxc5 dxc5 16. Bxc5 Be6 17. a3 Ba2 18. Rb5 a6 19. Rb6 Nd5 20. Rxc6 bxc6 21. Bxf8 Ne3 22. Qe2 Nxf1+ 23. Qxf1 Bxf8 24. Ne5 Bd5 25. Bxd5+ cxd5 26. Qg2 Rd8 27. c4 dxc4 28. dxc4 Bd6 29. Qd5+ Kg7 30. Qd4 Bxe5 31. Qxe5+ Qxe5 32. fxe5 Kf7 33. g4 fxg4 34. hxg4 Ke6 35. Kh3 Kxe5 36. Kh4 Kf4 37. c5 Rd3 38. c6 g5+ 39. Kh5 Rh3# 0-1

[Event "Pocos de Caldas op"]
[Site "Pocos de Caldas"]
[Date "2014.02.15"]
[Round "4"]
[White "Serafim Junior, Arnor"]
[Black "Lorenzon de Carvalho, Tales Pietro"]
[Result "1-0"]
[WhiteElo "1857"]
[BlackElo "1581"]
[PlyCount "87"]
[EventDate "2014.02.14"]
[EventType "swiss"]
[EventRounds "6"]
[EventCountry "BRA"]
[SourceTitle "CBM 158 Extra"]
[Source "ChessBase"]
[SourceDate "2014.02.28"]
[SourceVersion "1"]
[SourceVersionDate "2014.02.28"]
[SourceQuality "1"]

1. c4 c5 2. Nc3 Nc6 3. g3 g6 4. Bg2 Bg7 5. e4 d6 6. Nge2 e6 7. 0-0 Nge7 8. d3 0-0 9. Bg5 h6 10. Be3 a6 11. Qd2 Kh7 12. f4 f5 13. Rab1 Rb8 14. Rfd1 Nd4 15. b4 Nxe2+ 16. Nxe2 cxb4 17. Rxb4 Nc6 18. Rb6 Qc7 19. Rdb1 Nd8 20. Nd4 e5 21. Ne2 Ne6 22. Nc3 exf4 23. gxf4 Bxc3 24. Qxc3 fxe4 25. dxe4 Nxf4 26. Bxf4 Rxf4 27. Qd4 Be6 28. Rxd6 Qxc4 29. Qe5 Qxa2 30. Ra1 Qf2+ 31. Kh1 Rg4 32. Rg1 Rc8 33. Rdd1 Rxg2 34. Rxg2 Qf3 35. Rb1 Rc2 36. Qg3 Qxg2+ 37. Qxg2 Rxg2 38. Rxb7+ Bf7 39. Kxg2 Kg8 40. Rb6 Kf8 41. Rc6 Ke7 42. Kg3 Be6 43. Kf4 g5+ 44. Ke5 1-0

[Event "Sao Jose dos Campos op"]
[Site "Sao Jose dos Campos"]
[Date "2012.12.01"]
[Round "5"]
[White "Lorenzon de Carvalho, Tales Pietro"]
[Black "Deus Filho, Joaquim"]
[Result "0-1"]
[WhiteElo "1628"]
[BlackElo "2068"]
[PlyCount "84"]
[EventDate "2012.11.29"]
[EventType "swiss"]
[EventRounds "7"]
[EventCountry "BRA"]
[SourceTitle "EXT 2014"]
[Source "ChessBase"]
[SourceDate "2013.11.20"]
[SourceVersion "1"]
[SourceVersionDate "2013.11.20"]
[SourceQuality "1"]

1. c4 e5 2. g3 Nc6 3. Bg2 f5 4. d3 Bc5 5. Nc3 Nf6 6. e3 0-0 7. Nge2 Qe8 8. 0-0 d6 9. Rb1 a5 10. Kh1 Qh5 11. Ng1 Ng4 12. h3 e4 13. dxe4 Be6 14. Bf3 Bxc4 15. Be2 Bxe2 16. Qxe2 Qh6 17. exf5 Nge5 18. e4 Qf6 19. f4 Nd7 20. Nd5 Qd8 21. b3 Nd4 22. Qg4 c6 23. Nc3 Nf6 24. Qd1 Qe7 25. Re1 Rad8 26. g4 Nb5 27. Nxb5 Bxg1 28. Kxg1 cxb5 29. Bb2 d5 30. exd5 Qc5+ 31. Qd4 Qxd5 32. Qxd5+ Nxd5 33. Be5 Nb4 34. Bc7 Rd3 35. Bxa5 Nc6 36. Bb6 Ra8 37. Bc5 b6 38. Bxb6 Rxa2 39. Re6 Rg3+ 40. Kf1 Rf3+ 41. Ke1 Nb4 42. Re5 Nd3+ 0-1

[Event "Sao Jose de Rio Preto 160 Anos"]
[Site "Sao Jose do Rio Preto"]
[Date "2012.03.24"]
[Round "3"]
[White "Goncalves, Andre Luis Sampaio"]
[Black "Lorenzon de Carvalho, Tales Pietro"]
[Result "1-0"]
[WhiteElo "1979"]
[BlackElo "1830"]
[PlyCount "43"]
[EventDate "2012.03.23"]
[EventType "swiss"]
[EventRounds "6"]
[EventCountry "BRA"]
[SourceTitle "CBM 147 Extra"]
[Source "ChessBase"]
[SourceDate "2012.04.24"]
[SourceVersion "1"]
[SourceVersionDate "2012.04.24"]
[SourceQuality "1"]

1. e4 c5 2. Nf3 d6 3. d4 cxd4 4. Nxd4 Nc6 5. Be3 e6 6. Bc4 Nf6 7. Nc3 Ne5 8. Bb3 Be7 9. f3 Bd7 10. Qe2 d5 11. exd5 Nxd5 12. Nxd5 exd5 13. 0-0-0 Qa5 14. Bd2 Qc7 15. Rhe1 f6 16. f4 Ng6 17. Bb4 Qxf4+ 18. Kb1 Qe5 19. Qf3 Qxh2 20. Qxd5 Ne5 21. Nf3 Qxg2 22. Rxe5 1-0